Quiz sulla Rep. Democratica del Congo - Statistics

Statistiche generali
  • Questo quiz è stato fatto 423 volte
  • Il punteggio medio è 13 su 21
Statistiche sulle risposte
Hint Risposta % Corretto
Lingua ufficiale Francese
93%
Fiume su cui sorgono queste due città Congo
92%
Capitale Kinshasa
92%
Paese europeo che colonizzò la RDC Belgio
89%
Unico Paese africano più grande della RDC Algeria
87%
Altra capitale da cui dista soli 8 km Brazzaville
83%
Paese più esteso con cui confina la Rep.Dem. del Congo Angola
79%
Nome del Paese dal 1971 al 1997 Zaire
78%
Unico Paese che si trova sull'equatore più grande della RDC Brasile
76%
R{ame}
67%
Febbre emorragica spaventosa che prende il nome da un fiume nella RDC Ebola
61%
"Lingua franca" africana è parlata da molte persone nella parte orientale del paese Swahili
59%
Re di questo Paese che considerava la Rep.Dem. del Congo come un bene personale compiendovi gravi crimini Leopoldo II
54%
Famoso incontro di pugilato tra Foreman e Alì che si tenne nella capitale nel 1974 Rumble in the {Jungle}
52%
Secondo lago più grande in volume al mondo che si trova tra la RDC e la Tanzania Tanganica
48%
Nome dei due metalli che sono le due esportazioni più importanti del Paese C{obalto}
47%
Gruppo tribale di bassa statura perseguitato nella Rep.Dem.del Congo e nei paesi vicini Pigmei
47%
Dittatore del paese in quel periodo Mobutu Sese Seko
34%
Parente di scimpanzé può essere trovato solo nella RDC Bonobo
31%
Animale nazionale della RDC parente della giraffa con strisce come una zebra Okapi
29%
Montagna più alta del Paese che ha preso il nome da un esploratore britannico Monte Stanley
27%
Nessun quiz corrispondente trovato
Distribuzione punteggi
Percentuale di utenti per punteggio
Percentile per numero di risposta
I tuoi punteggi nel tempo
Non hai fatto questo quiz